Najviac sú investíciám otvorené krajiny OECD v Európe
Krajiny OECD a priame zahraničné investície (PZI). Krajiny s najvyššími obmedzeniami PZI a najviac obmedzené odvetvia. Ďalšie znižovanie prekážok pre integráciu globálnych trhov. Princípy platné pre priame zahraničné investície. Dohody a deklarácie OECD. Daňové politiky a rozhodnutia nadnárodných sp...
Salvato in:
| Autore principale: | |
|---|---|
| Natura: | Capitolo di libro |
| Lingua: | slovacco |
| Soggetti: | |
| Tags: |
Nessun Tag, puoi essere il primo ad aggiungerne!!
|
MARC
| LEADER | 00000naa$a2200000$$$4500 | ||
|---|---|---|---|
| 001 | 0002552 | ||
| 005 | 20230925124025.8 | ||
| 041 | 0 | |a slo | |
| 044 | |a SK | ||
| 245 | 1 | 0 | |a Najviac sú investíciám otvorené krajiny OECD v Európe |c aut. Adriana Váňová |
| 520 | |a Krajiny OECD a priame zahraničné investície (PZI). Krajiny s najvyššími obmedzeniami PZI a najviac obmedzené odvetvia. Ďalšie znižovanie prekážok pre integráciu globálnych trhov. Princípy platné pre priame zahraničné investície. Dohody a deklarácie OECD. Daňové politiky a rozhodnutia nadnárodných spoločností o zahraničných investíciách. Štátna pomoc a dotácie. Dôvody pre zavedenie daňových stimulov. Iniciatívy na medzinárodnej úrovni. | ||
| 610 | 2 | 0 | |a investície priame zahraničné |
| 610 | 2 | 0 | |a Európa |
| 610 | 2 | 0 | |a politika daňová |
| 610 | 2 | 0 | |a dohody medzinárodné |
| 610 | 2 | 0 | |a obchod medzinárodný |
| 610 | 2 | 0 | |a pomoc štátna |
| 610 | 2 | 0 | |a dotácie štátne |
| 610 | 2 | 0 | |a OECD |
| 100 | 1 | |a Váňová, Adriana | |